[Event "USA Championship Women 2021"]
[Site "Saint Louis"]
[Date "2021.10.14"]
[Round "8.1"]
[White "Eswaran, Ashritha"]
[Black "Tokhirjonova, Gulrukhbegim"]
[Result "0-1"]
[WhiteElo "2244"]
[BlackElo "2322"]
[Annotator "TA"]
[PlyCount "296"]
[EventDate "2021.10.06"]
[EventCountry "USA"]
[SourceTitle "playchess.com"]
[Source "ChessBase"]
[SourceQuality "1"]

{[%evp 13,296,23,35,45,49,43,51,39,36,35,37,31,37,34,42,31,36,26,45,43,47,55,55,39,43,29,38,23,48,39,39,15,54,26,59,43,37,22,39,30,23,0,0,-54,-52,-124,-106,-195,-186,-181,-182,-168,-176,-262,-268,-479,-462,-456,-402,-472,-540,-554,-537,-485,-480,-490,-529,-435,-379,-508,-127,-116,-116,-116,-115,-116,-68,-73,-72,-58,-58,-75,-69,-83,-74,-92,-92,-92,-92,-92,-92,-93,-92,-100,-72,-136,-136,-136,-133,-133,-111,-111,-111,-111,-75,-111,-111,-111,-111,-111,-111,-111,-111,-111,-111,-140,-75,-180,-180,-180,-180,-180,-156,-210,-210,-210,-210,-210,-210,-291,-210,-210,-210,-210,-204,-210,-210,-210,-210,-210,-210,-210,-210,-210,-210,-210,-210,-210,-210,-210,-210,-210,-143,-210,-210,-210,-126,-126,-126,-210,-210,-210,-210,-210,-210,-210,-210,-210,-210,-210,0,-210,0,-210,-210,-210,-210,-210,-210,-210,-210,-210,-210,-210,-210,-210,-210,-210,-210,-210,-95,-95,-88,-88,-88,-107,-90,-155,-155,-155,-155,-155,-155,-185,0,-132,-132,-210,-210,-210,-41,-516,-689,-533,-531,-532,-531,-516,-512,-502,-502,-494,-487,-487,-487,-487,-448,-425,-249,-346,-281,-858,-858,-858,-254,-734,-693,-1141,-1043,-3395,-2721,-29973,-29974,-29973,-29973,-29974,-29973,-29973,-29974,-29974,-29975,-29976,-29977,-29977,-29978,-29978,-29979,-29979,-29976,-29983,-29972,-29967,-29970,-1199,-281,-29974,-29975,-29973,-29977,-29977,-29978,-29979,-29980,-29981,-29982,-29982,-29983,-29983,-29984,-29984,-29985,-29987,-29988,-29988,-29989]} 1. Nf3 Nf6 2. d4 g6 3. e3 Bg7 4. c4 c6 5. Be2 d5 6. O-O O-O 7. Nc3 Ne4 {Recently 7...a6 got a lot of attention.} 8. Qc2 {D94: Grünfeld: 4 Nf3 Bg7 5 e3.} Nxc3 9. bxc3 {[#]} e6 $146 ({Predecessor:} 9... b6 10. cxd5 cxd5 11. c4 Bb7 12. Ba3 dxc4 13. Qxc4 Nc6 14. Rac1 Qd7 15. Rfd1 Rfd8 {0-1 (64) Zenin,D (2310)-Ivanov,O (2519) Moscow 2016}) 10. Ba3 {White is slightly better.} Re8 11. Rab1 Nd7 12. cxd5 exd5 13. c4 dxc4 14. Bxc4 Nb6 15. Bd3 Be6 16. Bc5 Qc7 17. Ng5 Bc8 18. Ne4 Nd5 19. Rfc1 Rd8 20. a4 Bf5 21. Ba3 Rab8 22. Rb2 a5 23. h3 h5 24. Nc5 Bxd3 25. Qxd3 {Strongly threatening Rcb1.} Bf8 26. Qb1 Qc8 {Hoping for ...b6.} 27. Qa2 b5 {White must now prevent ...b4.} 28. axb5 (28. Rbb1 $11) 28... cxb5 $15 29. Nd3 (29. Rbb1 $15) 29... Nc3 $1 $17 {[%cal Rc3a2]} 30. Qa1 (30. Rxc3 $17 Qxc3 {[%mdl 64] Double Attack} 31. Ne5 Qc1+ 32. Kh2) 30... b4 $19 31. Rbc2 {[%cal Rc2c3]} Qf5 32. Ne5 bxa3 33. Rxc3 (33. Qxc3 $142 Rdc8 34. Nc6 (34. Qxc8 $2 {too greedy.} Rxc8 35. Rxc8 a2 $17)) 33... Rb2 34. Rf1 (34. Nd3 Rdb8 35. Rd1) 34... Rdb8 $1 35. Nd3 Rd2 36. Ne5 Rbb2 {[%cal Rd2f2]} 37. Nf3 Rdc2 38. Rxa3 Bxa3 39. Qxa3 Qb5 40. Qe7 a4 41. d5 {intending d6.} Qxd5 (41... Rb1 $19 42. Rxb1 Qxb1+ 43. Kh2 Qb8+ 44. Ne5 Rxf2) 42. Qe8+ $17 Kg7 43. Qxa4 Ra2 44. Qf4 Qc4 45. Qe5+ f6 $1 {[%cal Rf6e5]} 46. Qe7+ Qf7 47. Qd6 Qc7 48. Qd5 {With the idea Nd4.} Ra5 49. Qd1 {next Nd4 is good for White.} Rca2 50. Nd4 {Threatens to win with Ne6+.} Qc4 51. Qf3 Qd5 52. Qd1 Kh6 53. Qb1 Qa8 (53... Ra7 {keeps more tension.} 54. Qc1 Kh7 55. Qc3 R2a3 56. Qc1 Qb7) 54. Qb6 (54. Qb4 $142) 54... Rg5 {[%csl Gg5][%cal Ra8g2]} 55. Qc6 Qxc6 56. Nxc6 {[%mdl 4096] Endgame KRR-KRN} Rb5 57. Nd4 Rbb2 58. h4 Kg7 59. g3 Kf7 60. Kg2 Ke7 61. Nf3 Ke6 62. Ng1 Kf5 63. Nf3 Ke4 64. Nd4 Rd2 (64... Ke5 $142 65. Nc6+ Kd6) 65. Nf3 (65. Ne6 $17 {keeps fighting.}) 65... Re2 $1 $19 66. Ng1 Rxe3 $1 67. Rb1 Ke5 68. Rb5+ (68. Nh3 $17) 68... Kd6 $1 69. Rb6+ Ke7 $1 70. Rb7+ Kf8 71. Rc7 Re7 72. Rc6 Kf7 73. Nh3 Re5 74. Nf4 Ra7 75. Rb6 Rf5 76. Rc6 Rb7 77. Ra6 Rd7 78. Ra2 Kg7 79. Rb2 Ra7 80. Rc2 Kh6 81. Rc6 Ra2 82. Rb6 Ra4 83. Nh3 (83. Rd6 $17) 83... Re4 84. Ra6 Kg7 85. Ra7+ Kg8 86. Ra8+ (86. Nf4 $17 {was called for.}) 86... Kf7 $1 87. Ra7+ Re7 88. Ra6 Kg8 89. Nf4 Kh7 90. Rb6 Ra7 91. Rc6 Kg7 $2 ({Black should play} 91... Rd7 $19 92. Rb6 Kg7 93. Ne6+ Kf7) 92. Rb6 $2 (92. Rc2 $1 $11 Rfa5 93. Rc8) 92... Kf7 $2 (92... Rfa5 $19 {aiming for ...Kf7.} 93. Rb8 R5a6) 93. Rb2 $2 (93. Rc6 $1 $11 {and White has nothing to worry.} Rb5 94. Rd6) 93... Rfa5 94. Rb6 Rd7 95. Rb2 Ra4 96. Rb5 Ra2 97. Rc5 Rdd2 98. Nh3 Rdc2 99. Rb5 Re2 100. Rb7+ Re7 101. Rb5 Re5 (101... Ra6 $19 {is more deadly.} 102. Nf4 Ra2) 102. Rb7+ $17 Ke6 103. Nf4+ Kf5 104. Rf7 Rc5 105. Rf8 (105. Rg7 $142) 105... Rcc2 106. Nh3 Ke6 $1 107. Rb8 Rcb2 108. Rc8 Rc2 (108... Ra6 $19 109. Nf4+ Kf7 110. Rc7+ Kg8) 109. Rb8 $1 Rc7 110. Rb5 (110. Rh8 $17) 110... Rac2 $19 111. Rb8 Kf5 $2 ({Black should try} 111... R2c6 $19 {...Rc2 is the strong threat.} 112. Nf4+ Kf7) 112. Rg8 $2 {[%mdl 8192] This costs White the game.} (112. Nf4 $15) 112... Rc8 $1 {[%cal Rc8g8]} 113. Rg7 {[#]} R2c7 $1 {[%cal Rc7g7]} 114. Rxc7 Rxc7 {KR-KN} 115. Nf4 Rc2 116. Nd5 {And now Ne3+ would win.} Ke6 117. Nf4+ {[#]} Kf7 $1 118. Kf3 Kg7 119. Kg2 Kh6 120. Nd5 Rc6 121. Ne3 g5 122. hxg5+ $2 (122. f4) 122... fxg5 123. Kf3 Rf6+ $2 (123... Rc3 124. Kg2 Kg6) 124. Ke2 $2 (124. Kg2) 124... Kg6 125. Ng2 Kf5 126. Ne3+ Ke4 127. Ng2 Ra6 128. Kf1 Ra1+ 129. Ke2 Rb1 130. f3+ Kd4 131. Kf2 Rb2+ 132. Kf1 Kd3 133. f4 g4 134. Nh4 Ke3 135. Kg1 Ra2 136. f5 Ke4 137. Kf1 Ke5 138. Kg1 Rb2 139. Kf1 $2 (139. Kh1 $19) 139... Rh2 {Black mates.} 140. Kg1 {[#]} Rxh4 $1 {[%mdl 576] Remove Defender} 141. gxh4 Kxf5 {KPP-KP} 142. Kf2 Kf4 143. Kg2 Ke4 144. Kf2 Kd3 145. Kg2 Ke2 146. Kg3 Kf1 147. Kf4 Kf2 148. Kg5 g3 {Weighted Error Value: White=0.23/Black=0.15} 0-1

[Event "USA Championship Women 2021"]
[Site "Saint Louis"]
[Date "2021.10.14"]
[Round "8.2"]
[White "Cervantes Landeiro, Thalia"]
[Black "Abrahamyan, Tatev"]
[Result "1/2-1/2"]
[WhiteElo "2175"]
[BlackElo "2344"]
[Annotator "TA"]
[PlyCount "85"]
[EventDate "2021.10.06"]
[EventCountry "USA"]
[SourceTitle "playchess.com"]
[Source "ChessBase"]
[SourceQuality "1"]

{[%evp 14,85,16,18,40,25,20,-5,0,0,20,25,35,45,33,35,41,30,29,4,18,-6,14,0,26,17,27,22,24,21,27,0,0,3,0,8,27,13,20,0,7,0,26,27,19,33,39,19,13,8,10,0,8,0,0,0,0,0,0,0,0,0,0,0,0,0,0,0,0,0,0,0,0,0]} 1. d4 Nf6 2. c4 e6 3. Nf3 b6 4. g3 Bb7 5. Bg2 Be7 6. O-O O-O 7. Re1 Na6 8. Nc3 Ne4 {E18: Queen's Indian: Old Main Line (4 g3 Bb7 5 Bg2 Be7 6 0-0 0-0 7 Nc3).} 9. Nxe4 Bxe4 10. a3 c5 11. d5 $1 exd5 12. cxd5 {And now Qa4 would win.} d6 13. Qa4 {[#]} Bxf3 $146 ({Predecessor:} 13... Nc7 14. Qxe4 f5 15. Qc2 g5 16. e4 g4 17. Nd2 Nb5 18. exf5 Nd4 19. Qd1 h5 20. Nb3 Nxf5 21. Qe2 Bf6 22. Qe6+ {1-0 (22) Dragomirescu,C (2229)-Andre,M Miercurea Ciuc 2003}) 14. Bxf3 Nb8 15. Bf4 Bf6 16. Qc2 Qe7 17. Bg2 Nd7 18. e4 Rab8 19. Bd2 b5 20. f4 Rfe8 21. Rad1 Qd8 22. Bc3 Bxc3 23. Qxc3 b4 24. axb4 Rxb4 25. e5 Qb6 26. exd6 Rd8 27. Re7 Qxd6 28. Rde1 Nf6 29. Qe5 h6 ({Not} 29... Qxe5 $2 30. fxe5 Nd7 31. d6 $18) 30. Qxd6 Rxd6 {The position is equal.} 31. Rxa7 {Strongly threatening Ree7.} Rxb2 32. Rc7 Rd2 33. Rxc5 (33. Ree7 {looks sharper.} c4 34. Rxc4 Rb6 35. Rc1 Rbb2 36. Bh3) 33... Nxd5 34. Bxd5 (34. Rc8+ {feels hotter.} Kh7 35. f5 Nf6 36. Rc7 Rd1 37. Rce7) 34... R6xd5 35. Rxd5 Rxd5 $11 {[%mdl 4096] Endgame KR-KR} 36. Re2 g6 37. Kg2 Kg7 38. Ra2 h5 39. Kf3 Rb5 40. Rc2 Rd5 41. Ra2 Rb5 42. Rc2 Rd5 43. Ra2 {Weighted Error Value: White=0.07/Black=0.06} 1/2-1/2

[Event "USA Championship Women 2021"]
[Site "Saint Louis"]
[Date "2021.10.14"]
[Round "8.3"]
[White "Nemcova, Katerina"]
[Black "Lee, Megan"]
[Result "1-0"]
[WhiteElo "2331"]
[BlackElo "2211"]
[Annotator "TA"]
[PlyCount "103"]
[EventDate "2021.10.06"]
[EventCountry "USA"]
[SourceTitle "playchess.com"]
[Source "ChessBase"]
[SourceQuality "1"]

{[%evp 15,103,0,2,-46,0,0,0,-13,0,0,0,-17,0,-26,-30,-22,-33,-25,0,0,0,0,17,12,38,22,60,49,64,60,55,66,191,32,59,50,63,61,149,115,121,113,246,178,422,123,283,267,306,306,306,306,306,257,295,284,283,263,763,765,781,716,763,638,772,716,625,620,1193,1294,1258,1234,1143,1242,1197,1047,1200,1091,29940,29945,29939,29946,29945,29947,29954,29955,29967,29968,29975,29976]} 1. e4 e5 2. Nf3 Nc6 3. Bc4 Nf6 4. d4 exd4 5. e5 d5 6. Bb5 Ne4 7. Nxd4 Bd7 8. Bxc6 bxc6 9. Nb3 {C56: Two Knights: 4 d4 exd4 5 0-0 Nxe4.} (9. O-O {looks sharper.} Bc5 10. f3 Ng5 11. Be3 Bb6 12. f4) 9... Be7 10. O-O O-O 11. Be3 {The position is equal.} f6 12. f3 Ng5 13. f4 Ne4 {[#]} 14. Nc3 $146 (14. N1d2 {with more complications.} fxe5 15. fxe5 Rxf1+ 16. Qxf1 Nxd2 17. Nxd2 Qe8 18. Qd3) ({Predecessor:} 14. N1d2 fxe5 15. fxe5 Rxf1+ 16. Kxf1 Qf8+ 17. Kg1 Qf5 18. Nf3 Qf7 19. Qd3 c5 20. c4 {½-½ (46) Orlov,V (2461)-Sivokho,S (2464) St Petersburg 2007}) 14... Nxc3 15. bxc3 fxe5 16. fxe5 Rxf1+ 17. Qxf1 Qe8 18. Bc5 Bg5 19. Re1 {Black must now prevent e6!} Be6 20. Qf3 Qg6 21. Nd4 Bg4 22. Qf2 $40 {[%mdl 128] Threatens to win with h4. White has some attack.} (22. Qxg4 $2 Be3+ $1 {[%mdl 512]} 23. Rxe3 Qxg4 $19) 22... Re8 23. e6 h6 {[#]} (23... h5 $14) 24. e7 $2 ({Worse is} 24. Nxc6 Rxe6 25. Ne5 Qe8 $15) (24. h3 $1 $18 {[%cal Rh3g4]} Bxe6 25. h4 (25. Rxe6 Rxe6 26. Nxe6 Qxe6 $11)) 24... Kh7 25. Kh1 Bf6 26. Qg3 Bxd4 {White now steadily converts the win.} ({Better is} 26... a5 $14) 27. cxd4 $16 Bf5 28. Qxg6+ Bxg6 {[%mdl 4096] Endgame KRB-KRB} (28... Kxg6 $16 29. Rf1 (29. Bxa7 Bxc2 30. Bc5 Kf7 $16) 29... h5) 29. c3 ({Resist} 29. Bxa7 $6 Kg8) 29... Be4 $2 {[#]} (29... Kg8 {keeps fighting.} 30. Rf1 (30. Bxa7 Kf7 $16) 30... Bf7) 30. Kg1 $2 (30. Rf1 $1 $18 {and the rest is easy.}) 30... g5 $2 (30... Kg6 $16 {was necessary.} 31. Rf1 Bf5) 31. Rf1 $18 {aiming for Rf7+.} Kg7 32. Rf8 Bg6 33. Kf2 a6 34. g4 Bf7 35. Kg3 Kf6 36. h4 Ke6 $2 (36... gxh4+ 37. Kxh4 Kg6) 37. h5 Kf6 38. Kf3 Ke6 39. Ke3 Kf6 40. Kd2 Ke6 41. Kc2 Rxe7 42. Bxe7 Kxe7 {KR-KB} 43. Rh8 Be6 44. Rxh6 Bxg4 45. Kd2 a5 46. a4 Kf7 47. Rxc6 {White mates.} Bxh5 48. Rxc7+ Ke6 49. Rc5 Be8 50. Rxa5 Kd6 51. Ke3 Bh5 52. Rc5 {Weighted Error Value: White=0.34/Black=0.52} 1-0

[Event "USA Championship Women 2021"]
[Site "Saint Louis"]
[Date "2021.10.14"]
[Round "8.4"]
[White "Foisor, Sabina-Francesca"]
[Black "Yip, Carissa"]
[Result "0-1"]
[WhiteElo "2205"]
[BlackElo "2402"]
[Annotator "TA"]
[PlyCount "90"]
[EventDate "2021.10.06"]
[EventCountry "USA"]
[SourceTitle "playchess.com"]
[Source "ChessBase"]
[SourceQuality "1"]

{[%evp 10,90,24,0,-2,-12,0,-27,4,-35,0,-42,-34,-73,-83,-118,-103,-106,-70,-75,-60,-65,-60,-116,-83,-108,-93,-115,-103,-106,-71,-64,-59,-64,-64,-81,-62,-73,-50,-113,-124,-114,-88,-91,-35,-122,-114,-111,-117,-144,-142,-179,-169,-220,-175,-220,-239,-327,-332,-424,-416,-462,-459,-441,-441,-466,-461,-497,-483,-794,-792,-2667,-2697,-1820,-1116,-2077,-1738,-29985,-29986,-29986,-29986,-29986,-29973]} 1. d4 Nf6 2. Nf3 g6 3. c4 Bg7 4. g3 c5 5. Bg2 Qa5+ 6. Nbd2 cxd4 {E60: King's Indian: Unusual lines and Fianchetto Variation without Nc3.} 7. Nxd4 Nc6 8. N4b3 Qc7 {Black has an edge.} 9. O-O O-O 10. Nf3 d6 11. Bf4 Nh5 12. Qd2 Nxf4 13. gxf4 {[#]} Bd7 $146 ({Predecessor:} 13... Qb6 14. e3 Be6 15. Rfc1 Rac8 16. Bf1 Rfd8 17. Nfd4 Bg4 18. h3 Nxd4 19. Nxd4 Bd7 {1-0 (81) Swiercz,D (2456)-Markos,J (2568) Polanica Zdroj 2008}) 14. Rac1 Rad8 15. Nbd4 Qc8 16. Kh1 (16. e3 $15) 16... a6 17. Nxc6 Bxc6 ({Don't do} 17... Qxc6 18. e3 $15) 18. Ne1 Bh6 19. e3 Bxg2+ 20. Nxg2 Qh3 21. Rc3 Bg7 22. Rd3 Rc8 23. b3 Rc5 24. Rd5 (24. e4 $15 Qh6 25. Rd5) 24... Rfc8 $17 25. e4 Qe6 (25... Rxd5 {keeps more tension.} 26. exd5 b5 27. Qe3 Qxe3 28. Nxe3 Bh6) 26. Re1 Bh6 (26... b5 $17 27. Rxc5 Rxc5) 27. Qd3 {[#] White is on the road to losing.} (27. Qc3 $1 $15) 27... b5 $1 28. f5 {[#]} Qf6 {[%cal Rb5c4]} 29. fxg6 hxg6 30. Qh3 Bg7 31. cxb5 axb5 32. Rxc5 Rxc5 33. Qe3 Qb2 34. a4 b4 35. Re2 Rc1+ 36. Ne1 Qb1 {White must now prevent ...Bc3.} 37. Kg2 Rc3 38. Qb6 Qxb3 39. a5 (39. Qd8+ $142 Bf8 40. Qb8) 39... Qc4 $19 40. Kf1 Rc1 41. Qe3 b3 {[%cal Bb4b3,Bb3b2][%mdl 32] ...b2 is the strong threat.} 42. a6 b2 {( -> ...Rxe1+!)} 43. a7 {[#]} Rxe1+ $1 {[%mdl 576] Pin. Black mates.} 44. Kg2 Ra1 45. Re1 Qa6 {Weighted Error Value: White=0.72/Black=0.19} 0-1

[Event "USA Championship Women 2021"]
[Site "Saint Louis"]
[Date "2021.10.14"]
[Round "8.5"]
[White "Paikidze, Nazi"]
[Black "Krush, Irina"]
[Result "1/2-1/2"]
[WhiteElo "2374"]
[BlackElo "2429"]
[Annotator "TA"]
[PlyCount "66"]
[EventDate "2021.10.06"]
[EventCountry "USA"]
[SourceTitle "playchess.com"]
[Source "ChessBase"]
[SourceQuality "1"]

{[%evp 22,66,-1,-7,0,0,0,0,24,0,0,0,0,0,0,0,-16,0,-9,0,4,0,0,0,0,0,0,0,42,0,33,0,0,-14,-9,-10,0,0,39,0,0,-20,0,-7,0,0,29]} 1. e4 c5 2. Nf3 e6 3. d4 cxd4 4. Nxd4 a6 5. Bd3 Nf6 6. Qe2 d6 7. Nc3 Qc7 8. O-O Be7 9. Kh1 Nbd7 10. f4 b5 11. a3 Bb7 12. Bd2 Nc5 {B43: Sicilian: Kan Variation: 5 Nc3.} 13. b4 Nxd3 14. cxd3 O-O {[#]} 15. a4 $146 ({Predecessor:} 15. Nb3 Rac8 16. Rac1 Qd7 17. Be3 Rfe8 18. Rc2 e5 19. fxe5 dxe5 20. Bc5 Bd8 21. h3 {0-1 (60) Movsesian,S (2653)-Laznicka,V (2666) Prague 2016}) 15... bxa4 16. Rfc1 Rfc8 17. Nd5 Qd8 18. Nxe7+ Qxe7 19. Rxa4 Rxc1+ 20. Bxc1 Qc7 21. Bb2 Qb6 22. Qd2 Rc8 23. Ra5 h6 24. h3 Bc6 25. Qe1 Bb5 26. Qg3 Ne8 27. Ra1 Bd7 28. Qe1 $1 Nf6 29. Ra5 Bb5 30. Qg3 (30. Nxb5 $14 axb5 31. Bxf6 gxf6 32. Kh2) 30... Ne8 $11 {The position is equal.} 31. Ra1 Bd7 32. Qe1 Nf6 33. Ra5 Bb5 {An uneventful encounter.  Weighted Error Value: White=0.09/Black=0.06} 1/2-1/2

[Event "USA Championship Women 2021"]
[Site "Saint Louis"]
[Date "2021.10.14"]
[Round "8.6"]
[White "Sharevich, Anna"]
[Black "Zatonskih, Anna"]
[Result "0-1"]
[WhiteElo "2276"]
[BlackElo "2422"]
[Annotator "TA"]
[PlyCount "134"]
[EventDate "2021.10.06"]
[EventCountry "USA"]
[SourceTitle "playchess.com"]
[Source "ChessBase"]
[SourceQuality "1"]

{[%evp 9,134,11,11,11,11,4,12,0,0,-5,-5,0,0,-4,11,10,16,0,8,3,16,0,8,8,8,8,12,9,12,0,11,-18,-7,0,-16,-29,-2,-20,-20,-14,-12,-14,-22,-27,0,-33,-32,-60,0,-34,-23,-19,-7,-73,-76,-85,-89,-138,-72,-93,-58,-58,-42,-42,-44,-54,-42,-122,-120,-252,-52,-52,-26,-40,-8,-53,-56,-49,-67,-42,-45,-39,-42,-50,-42,-52,0,0,0,0,0,-21,-28,-28,-29,-106,-93,-96,-101,-159,-174,-223,-211,-213,-185,-195,-180,-192,-188,-209,-203,-406,-389,-390,-397,-407,-367,-367,-339,-339,-339,-556,-558,-606,-596,-534,-472]} 1. d4 d5 2. Bf4 c5 3. e3 Nc6 4. Nf3 cxd4 5. exd4 Bg4 6. Nbd2 {B13: Caro-Kann: Exchange Variation and Panov-Botvinnik Attack.} e6 7. h3 Bh5 8. Bb5 {The position is equal.} Bd6 9. Bxd6 Qxd6 10. c3 Nge7 11. O-O {[#]} a6 $146 ({Predecessor:} 11... O-O 12. Re1 f6 13. Qe2 Bf7 14. Nb3 a6 15. Bd3 Rfe8 16. Nc5 Rab8 17. b4 Ng6 18. Bxg6 Bxg6 {½-½ (29) Ryzhkov,I (2368)-Grigoryev,V (2499) ICCF email 2017}) 12. Bd3 Bg6 13. Qe2 O-O 14. Rfe1 Qc7 15. Rac1 Rac8 16. Bxg6 Nxg6 17. g3 Nge7 18. Kg2 Nf5 19. Qd3 Na5 20. b3 Rfd8 21. Ne5 Nc6 22. Nef3 Qe7 23. Nf1 (23. a4 {looks sharper.} Qa3 24. Ra1 Qd6 25. h4 Rc7 26. h5) 23... Rc7 24. Ne3 Nxe3+ 25. Qxe3 Qd6 26. h4 Rdc8 27. h5 h6 28. g4 Re8 ({Black should play} 28... b5 $15) 29. Nh4 Qd8 30. Qg3 Ne7 {[%cal Bc6e7,Be7c8,Bc8d6,Bd6c4][%mdl 32]} 31. Kh1 (31. Re5 $11) 31... Nc8 $1 $17 32. f3 Nd6 33. a4 b5 (33... Rc6 $142 34. Ng2 b5) 34. a5 Rc6 35. b4 Qg5 36. Rc2 Rec8 37. Ng2 Nc4 38. f4 (38. Nf4 $15) 38... Qd8 $1 39. g5 (39. Rec1 $17 {is a better defense.}) 39... hxg5 $2 (39... Nd6 $1 $19 {Threatens to win with ...Nf5.} 40. gxh6 Nf5 {[%mdl 64] Double Attack}) 40. fxg5 $15 Nd6 {And now ...Ne4 would win.} 41. g6 Qf6 {White must now prevent ...Nf5.} 42. Rf2 Nf5 43. gxf7+ Qxf7 44. Qg6 Qxg6 45. hxg6 Ng3+ 46. Kh2 Ne4 $36 {[%mdl 2112] Double Attack. Black is pushing.} ({But not} 46... Rxc3 $6 47. Rxe6 Ne4 48. Re2 $14) 47. Rf3 Rxc3 (47... Nxc3 $15 48. Re5 Na2) 48. Rxc3 $11 Rxc3 $15 {[%mdl 4096] Endgame KRN-KRN} 49. Nf4 Rc6 50. Kg2 Kf8 51. Rf1 $1 Ke8 52. Nd3 (52. Nh5 $11 Rc7 53. Rf3) 52... Rc2+ $17 {Black converts the advantage convincingly.} 53. Kg1 Rc3 $1 {[%cal Rc3d3]} 54. Ne5 {[#]} ({Better is} 54. Rf3) 54... Nd6 $1 55. Kg2 Ke7 56. Rh1 Rc8 57. Nd3 Rc2+ 58. Kf3 Nf5 {Strongly threatening ...Rc3.} 59. Rh8 Nxd4+ 60. Kf4 $2 (60. Ke3 {was the only chance.} Nf5+ 61. Kf3) 60... Nc6 $19 61. Ra8 {[#] and the idea Ne5 leaves White hopeful.} Kf6 $1 62. Rxa6 {[#]} Nxb4 $1 {[%mdl 576] Decoy} 63. Nxb4 {KRN-KR} Rc4+ {[%mdl 64] Double Attack} 64. Kf3 {Nc6 is the strong threat.} Rxb4 65. Rb6 $2 (65. Rd6) 65... Kf5 {Black is clearly winning.} 66. a6 Ra4 67. Rb7 Kxg6 {Weighted Error Value: White=0.23/Black=0.11} 0-1

[Event "USA Championship Women 2021"]
[Site "Saint Louis"]
[Date "2021.10.16"]
[Round "9.1"]
[White "Abrahamyan, Tatev"]
[Black "Sharevich, Anna"]
[Result "1-0"]
[WhiteElo "2344"]
[BlackElo "2276"]
[Annotator "TA"]
[PlyCount "75"]
[EventDate "2021.10.06"]
[EventCountry "USA"]
[SourceTitle "playchess.com"]
[Source "ChessBase"]
[SourceQuality "1"]

{[%evp 10,75,37,46,69,54,87,54,59,59,68,71,121,114,123,103,133,135,140,127,167,173,183,175,163,152,256,253,248,250,333,318,316,306,400,414,411,410,397,389,420,413,437,381,488,481,460,442,444,429,517,509,711,656,645,632,666,609,689,642,756,750,12840,693,12841,12841,12841,6195]} 1. e4 c5 2. Nf3 e6 3. d4 cxd4 4. Nxd4 Nc6 5. Nc3 d6 6. g4 Bd7 {B54: Sicilian: 2...d6 3 d4 cxd4 4 Nxd4, Unusual Lines .} 7. Be3 Be7 {[#]} 8. Qe2 $146 ({Predecessor:} 8. Qd2 Ne5 9. Rg1 a6 10. O-O-O h6 11. f4 Nc6 12. Nf3 b5 13. e5 Qa5 14. exd6 {1-0 (36) Van Delft,M (2417)-De Koster,D Durban 2014}) 8... Nxd4 {White is slightly better.} 9. Bxd4 e5 10. Be3 Bc6 11. O-O-O Nf6 12. Bg2 Qa5 13. g5 Nd7 14. h4 b5 {[#]} 15. Kb1 $1 Nb6 16. f4 Nc4 {Black wants to play ...Nxb2.} 17. Bc1 Qb4 (17... Rc8 $16) 18. Nd5 $18 Bxd5 19. Rxd5 ({Resist} 19. exd5 $6 O-O) 19... Rc8 20. c3 Qa5 21. b3 Qxc3 22. bxc4 bxc4 {Threatening ...Rb8+.} 23. Qb2 Qxb2+ 24. Kxb2 exf4 25. Bxf4 Rc6 26. Rhd1 c3+ 27. Kc2 {White is clearly winning.} Ra6 28. Ra1 O-O 29. Bf1 Rb6 30. Rb5 f6 31. Bc4+ Kh8 32. Rxb6 axb6 33. Kxc3 g6 34. Rd1 fxg5 35. Bxg5 Bf6+ 36. Bxf6+ Rxf6 37. Rf1 Kg7 38. Kd4 {Black did not feel at home in the position after the opening.  Weighted Error Value: White=0.08/Black=0.40} (38. Rxf6 $142 Kxf6 39. Kd4) 1-0